Gaming Quiz

Random Gaming or Video Games Quiz

Final Fantasy Party Members Quiz Stats

 Plays Quiz Updated Feb 12, 2020

Support Sporcle.
Go Orange.
Score 0/99 Timer 08:00
4 Plays Today
Game % Correct
Final Fantasy VIICloud Strife
88.2%
Final Fantasy VIITifa Lockhart
81.8%
Final Fantasy IVCid Pollendina
80.1%
Final Fantasy VIICid Highwind
79.5%
Final Fantasy VIIAeris Gainsborough
78%
Final Fantasy VIIBarret Wallace
77.9%
Final Fantasy X/X-2Tidus
75.8%
Final Fantasy VIIISquall Leonhart
75.6%
Final Fantasy IFighter
75%
Final Fantasy VIIYuffie Kisaragi
74%
Final Fantasy X/X-2Yuna
73.8%
Final Fantasy VIIRed XIII
73.8%
Final Fantasy VIIVincent Valentine
73.4%
Final Fantasy IWhite Mage
73.3%
Final Fantasy IBlack Mage
73.2%
Final Fantasy IXZidane Tribal
71.1%
Final Fantasy VITerra Branford
70.9%
Final Fantasy VIICait Sith
69.5%
Final Fantasy X/X-2Wakka
69%
Final Fantasy IXPrincess Garnet til Alexandros XVII
68.5%
Final Fantasy IRed Mage
67.6%
Final Fantasy IThief
67.6%
Final Fantasy XVNoctis Lucis Caelum
67.3%
Final Fantasy IVCecil Harvey
67.1%
Final Fantasy IXVivi Orunitia
66.8%
Final Fantasy X/X-2Lulu
66.6%
Final Fantasy VIIIRinoa Heartilly
66.1%
Final Fantasy X/X-2Auron
65.1%
Final Fantasy XIII/XIII-2Lightning
63.9%
Final Fantasy X/X-2Rikku
63.1%
Final Fantasy IVKain Highwind
61.7%
Final Fantasy VIIIQuistis Trepe
61.5%
Final Fantasy IBlack Belt
61.3%
Game % Correct
Final Fantasy VILocke Cole
61.3%
Final Fantasy IXAdelbert Steiner
60.9%
Final Fantasy VIIIZell Dincht
59.8%
Final Fantasy VBartz Klauser
59.6%
Final Fantasy VIIISelphie Tilmitt
59.6%
Final Fantasy XIII/XIII-2Snow Villiers
56%
Final Fantasy VIShadow
55.6%
Final Fantasy VICeles Chere
55.3%
Final Fantasy IXFreya Crescent
55.2%
Final Fantasy XIIVaan
55.2%
Final Fantasy VIEdgar Roni Figaro
54.2%
Final Fantasy IVRosa Farrell
54.1%
Final Fantasy XVPrompto Argentum
54%
Final Fantasy XVIgnis Scientia
53.9%
Final Fantasy VIIIIrvine Kinneas
53.8%
Final Fantasy IXQuina Quen
53.5%
Final Fantasy VIMog
53.5%
Final Fantasy VISabin Rene Figaro
53.4%
Final Fantasy IVEdward 'Edge' Geraldine
53.1%
Final Fantasy IVRydia
52.4%
Final Fantasy XIII/XIII-2Oerba Yun Fang
51.8%
Final Fantasy X/X-2Paine
51.8%
Final Fantasy X/X-2Kimahri Ronso
51.2%
Final Fantasy IXEiko Carol
51.1%
Final Fantasy XIII/XIII-2Hope Estheim
49.9%
Final Fantasy IVPalom
49.9%
Final Fantasy IXAmarant Coral
49.8%
Final Fantasy IVPorom
49.6%
Final Fantasy XVGladiolus Amicitia
49.3%
Final Fantasy XIII/XIII-2Oerba Dia Vanille
49%
Final Fantasy IIFirion
48.8%
Final Fantasy IVPrince Edward Chris von Muir of Damcyan
47.7%
Final Fantasy XIIBalthier
47.4%
Game % Correct
Final Fantasy VISetzer Gabbiani
46.6%
Final Fantasy XIIFran
46.3%
Final Fantasy VICyan Garamonde
46.2%
Final Fantasy VIGau
46%
Final Fantasy XIIPenelo
45.4%
Final Fantasy XIII/XIII-2Serah
45.4%
Final Fantasy XIIAshelia B'nargin Dalmasca
45%
Final Fantasy IVTellah
44.1%
Final Fantasy XIII/XIII-2Sazh Katzroy
44.1%
Final Fantasy VIGogo
43.1%
Final Fantasy XIIBasch fon Ronsenburg
42.9%
Final Fantasy IVYang Fang Leiden
42.5%
Final Fantasy VIRelm Arrowny
42.4%
Final Fantasy VIUmaro
41.5%
Final Fantasy VGaluf Halm Baldesion
41.3%
Final Fantasy VFaris Scherwiz
40.6%
Final Fantasy IIILuneth
40.4%
Final Fantasy VIStrago Magus
39.8%
Final Fantasy IIGuy
39.3%
Final Fantasy IVFuSoYa
39.2%
Final Fantasy IIMaria
39.1%
Final Fantasy VLenna Charlotte Tycoon
38.3%
Final Fantasy IILeon
37.9%
Final Fantasy XIII/XIII-2Noel
35.6%
Final Fantasy IIIArc
34%
Final Fantasy VKrile Mayer Baldesion
32.1%
Final Fantasy IIIRefia
29.4%
Final Fantasy IIMinwu
29.3%
Final Fantasy IIIIngus
26.8%
Final Fantasy IIJosef
24.4%
Final Fantasy IIRicard Highwind
23.9%
Final Fantasy IIGordon
20.1%
Final Fantasy IILeila
18.9%

You're not logged in!

Compare scores with friends on all Sporcle quizzes.
OR
Log In
Forgot?

From the Vault

Solar System Bodies by Size

by legumes

Science 10m
If we said you had a nice body, would you...oh nevermind.
Remove Ads.
Support Sporcle.
Get the best of Sporcle when you Go Orange. This ad-free experience offers more features, more stats, and more fun while also helping to support Sporcle. Thank you for becoming a member.

Show Comments

Extras

Top Quizzes Today


Score Distribution

Your Account Isn't Verified!

In order to create a playlist on Sporcle, you need to verify the email address you used during registration. Go to your Sporcle Settings to finish the process.

Report this User

Report this user for behavior that violates our Community Guidelines.

Details: